Dear pedagogues, september began

Gespeichert in:
Bibliographische Detailangaben
1. Verfasser: Strážovská, Helena
Format: Buchkapitel
Sprache:Englisch
Tags: Tag hinzufügen
Keine Tags, Fügen Sie das erste Tag hinzu!

MARC

LEADER 00000naa$a2200000$$$4500
001 0060954
005 20231005084446.1
041 0 |a eng 
044 |a SK 
245 1 0 |a Dear pedagogues, september began  |c Helena Strážovská 
100 1 |a Strážovská, Helena